Movie Pictures Starting with M - Statistics

General Stats
  • This quiz has been taken 121 times
    91 since last reset
  • The average score is 17 of 36
Answer Stats
Picture Answer % Correct
Men in Black
93%
The Mask
90%
Mary Poppins
85%
The Matrix
83%
Maleficent
81%
Mulan
80%
Mad Max
79%
Mean Girls
79%
Megamind
73%
The Maze Runner
71%
Mamma Mia
68%
Mr and Mrs Smith
67%
Monty Python and the Holy Grail
61%
The Mummy
60%
Murder on the Orient Express
56%
Midsommar
51%
The Mask of Zorro
51%
The Menu
51%
Miss Congeniality
46%
Murder Mystery
40%
Mr Poppers Penguins
36%
The Monkey
35%
Memento
32%
My Fair Lady
32%
Me Before You
31%
Monster House
31%
The Muppets Christmas Carol
30%
Marie Antoinette
24%
MASH
23%
Maxxxine
14%
The Ministry of Ungentlemanly Warfare
7%
My Fault
5%
Man of the House
4%
Miracles From Heaven
4%
Mr Right
2%
Magic Camp
1%
No matching quizzes found
Score Distribution
Percent of People with Each Score
Percentile by Number Answered
Your Score History
You have not taken this quiz since the last reset